Datum a čas kvízu
33
Celkem bodů
Celkový počet nahraných bodů na tomto kvízu bez doplňovacích otázek.
9.
Pořadí na kvízu
Konečné umístění týmu na tomto kvízu.
Zaznamenané odpovědi
| # | Otázka | Odpověď | Body | Výsledky |
|---|---|---|---|---|
| 1. | Prezident Pavel si při své dvo... | TON | 1 | |
| 2. | V minulém týdnu se objevila zp... | A | 1 | |
| 3. | Česká televize zveřejnila jmén... | Chili | 1 | |
| 4. | Společnost Skytrax každoročně... | Katar | 1 | |
| 5. | 21letý litevský reprezentant M... | C) hod diskem | 1 | |
| 6. | Bolívie má, stejně jako několi... | Sucre; La Paz | 0.5 | |
| 7. | Které evropské hlavní město se... | Oslo | 0 | |
| 8. | Nyní vám dáme na výběr, zda si... | Windhoek; Manila | 0.5 | |
| 9. | Které malebné a nepříliš lidna... | Lublaň | 1 | |
| 10. | Napište, které hlavní město (s... | Reykjavík; Wellington | 0.5 |